|
|
|
|
| LEADER |
00000nta a2200000 i 4500 |
| 001 |
dolg20546 |
| 005 |
20200517130411.0 |
| 008 |
190506suuuu hu om 000 hun d |
| 040 |
|
|
|a BGE Dolgozattár Repozitórium
|b hun
|
| 041 |
|
|
|a hu
|
| 100 |
1 |
|
|a Szabó Evelin Mercédesz
|
| 245 |
1 |
3 |
|a Az Európai Biztonsági és Együttműködési Szervezet (2016-os) német elnöksége
|c Szabó Evelin Mercédesz
|h [elektronikus dokumentum]
|
| 695 |
|
|
|a EBESZ
|
| 695 |
|
|
|a Biztonsági kihívás
|
| 700 |
1 |
|
|a Nagy Dr. Milada
|e ths
|
| 856 |
4 |
0 |
|u http://dolgozattar.uni-bge.hu/20546/1/Az%20Eur%C3%B3pai%20Biztons%C3%A1gi%20%C3%A9s%20Egy%C3%BCttm%C5%B1k%C3%B6d%C3%A9si%20Szervezet%202016-os%20eln%C3%B6ks%C3%A9ge.pdf
|z Dokumentum-elérés
|